| 000 | 00805cab a2200241 4500 | ||
|---|---|---|---|
| 001 | ABS45251 | ||
| 008 | 090401t1991 xxu||||| |||| 00| 0 eng d | ||
| 035 | _a(Sirsi) u51822 | ||
| 041 | _aeng | ||
| 100 | _aWhitehead, J.W.R. | ||
| 245 | _aSuburban cramming and development control | ||
| 260 | _c1991 | ||
| 350 | _a0 | ||
| 490 |
_aJournal of Property Research _v8(2) Summer 1991, 147-159(7) |
||
| 520 | _aInvestigates the more intensive development of existing low-density residential areas by private enterprise in sample areas, the South-East and Midlands, between 1960 and 1987. References. | ||
| 650 | _aDEVELOPMENT CONTROL | ||
| 650 | _aINFILL | ||
| 650 | _aRESIDENTIAL AREAS | ||
| 690 | _aPROPERTY-PROPERTY DEVELOPMENT | ||
| 700 | _aLarkham, P.J. | ||
| 942 | _n0 | ||
| 948 | _c04/03/1997 | ||
| 999 |
_c32152 _d32152 |
||